000 00747nam a2200253Ia 4500
003 OSt
005 20221005065913.0
006 a|||||r|||| 00| 0
007 ta
008 221004b |||||||| |||| 00| 0 eng d
020 _a9788188452743 (pbk)
_c195
024 _a101518
037 _b255, 08/03/2010, University Book House
_cTextual
040 _aCRL
_cCRL
_beng
041 _2eng
_aeng
082 _aO111,3NST,UL, P7
100 _aStovall Jim
_9605117
245 0 _aUltimate life
260 _aMumbai
_bEmbassy Books India
_c2007
300 _a190p.
_ccm.
650 _aENGLISH LITERATURE
942 _hO111,3NST,UL, P7
_cTEXL
_2cc
999 _c975398
_d975398